00529nam a2200193 a 4500001001300000003000900013005001700022008004100039020002200080082001500102100002500117245006700142260002500209300000900234500003500243505001000278650002200288700002500310nice12345678IN_TiNIC20260116012310.0050524s1993 dela grp 000 0 eng  a8172149 c7500a269.2bDHA aDhanramaraj, Jacob S aColonialism and Christian Missionsb Postocolonial Reflections aDelhi bISPCK c1993 a149p aincludes index and biblioraphy2 aindex aEvangelistic Work1 aDhanramaraj, Jacob S